• 首页
  • 本馆介绍
  • 公告通知
  • 最新文献
  • 馆藏检索
  • 电子资源
  • 读者导购
  • 参考咨询
  • 我的图书馆
  • 登录
  • 详细信息显示
  • 放入我的书架
  • 预约/预借图书
  • 作者相关作品
  • 分类相关作品
  • 丛书相关作品
  • 出版社相关作品

书目信息

  • 表格格式
  • 工作单格式
  • 卡片格式
题名:
法论
    
 
作者: 张光博 著
分册:  
出版信息: 长春   吉林大学出版社  1986
页数: 320页
开本: 20cm
丛书名:
单 册:
中图分类: D90 , D901.01
科图分类:
主题词: 法学 , 法的理论 , 法学
电子资源:
ISBN:
000 00656nam0 2200277 45
001 0186019800
005 20040506095341.7
010    @dCNY2.10
091    @a6323.36
100    @a19930831d1986 emky0chiy0121 ea
101 0  @achi
102    @aCN@b220000
105    @ay z 000yy
106    @ar
200 10 @a法论@Afa lun@f张光博著
210    @a长春@c吉林大学出版社@d1986
215    @a320页@d20cm
606    @a法学
606 0  @a法的理论
606 0  @a法学
690    @aD90@v3
690    @aD901.01
701  0 @a张光博@Azhang guang bo@4著
801  0 @aCN@b深圳图书馆@c20040506
801  2 @aCN@bNLC@c20040506
905    @f2@b166314-315@dD90@e101
    
    法论/张光博著.-长春:吉林大学出版社,1986
    320页;20cm
    
    
    ISBN :CNY2.10
    
●
相关链接 在E读中查询图书 在五车中查询图书 在当当中查询图书 在豆瓣中查询图书


正题名:法论     索取号:D90/101         预约/预借

序号 登录号 条形码 馆藏地/架位号 状态 备注
1 0166314   000367472   密集书库/ [索取号:D90/101] 在馆    
2 0166315   000367490   第一借阅区/ [索取号:D90/101] 在馆    
3 0166316   000367481   第一样本阅览室/ [索取号:D90/101] 在馆    
唐山师范学院图书馆 欢迎您!
大连网信软件有限公司© 版权所有